[Event "XII. DBMM Schach"]
[Site "Berlin"]
[Date "2012.10.12"]
[Round "3.3"]
[White "Duric, Rajko"]
[Black "Koerlin, Hans Juergen"]
[Result "1/2-1/2"]
[WhiteElo "1694"]
[BlackElo "1864"]
[Annotator "rg"]
[PlyCount "45"]
[EventDate "2012.??.??"]
[Source "FV Schach e.V."]
[SourceDate "2012.10.14"]
[WhiteTeam "Bayer Berlin"]
[BlackTeam "BA Berlin Tempelhof"]
[WhiteTeamCountry "GER"]
[BlackTeamCountry "GER"]

1. e4 e5 2. Nf3 Nc6 3. d4 exd4 4. Nxd4 Bc5 5. Nxc6 bxc6 6. Bd3 d6 7. O-O Nf6 8.
Bg5 h6 9. Bh4 g5 10. Bg3 h5 11. h4 Ng4 12. Be2 gxh4 13. Bh2 Qf6 14. Bxg4 hxg4
15. e5 Qh6 16. exd6 g3 17. dxc7 gxh2+ 18. Kh1 Qd6 19. Nc3 Qxc7 20. Ne4 Be7 21.
Qd4 Rg8 22. Rfe1 Be6 23. Nf6+ 1/2-1/2

[Event "XII. DBMM Schach"]
[Site "Berlin"]
[Date "2012.10.12"]
[Round "3.4"]
[White "Baranowsky, Peter"]
[Black "Abraham, Helmut"]
[Result "1-0"]
[WhiteElo "1886"]
[BlackElo "1481"]
[Annotator "rg"]
[PlyCount "41"]
[EventDate "2012.??.??"]
[Source "FV Schach e.V."]
[SourceDate "2012.10.14"]
[WhiteTeam "BA Berlin Tempelhof"]
[BlackTeam "Bayer Berlin"]
[WhiteTeamCountry "GER"]
[BlackTeamCountry "GER"]

1. e4 c5 2. Nf3 e6 3. d4 cxd4 4. Nxd4 Nc6 5. Be3 Nf6 6. f3 Be7 7. Be2 O-O 8.
Nc3 d5 9. O-O Bd7 10. exd5 Nxd4 11. Qxd4 Rc8 12. d6 Nd5 13. dxe7 Qxe7 14. Nxd5
exd5 15. Bd3 f5 16. Qxd5+ Be6 17. Qe5 Qf7 18. Bd4 Qf6 19. Qxf6 gxf6 20. Bxa7
Rce8 21. Rae1 1-0

[Event "XII. DBMM Schach"]
[Site "Berlin"]
[Date "2012.10.12"]
[Round "3.1"]
[White "Ritz, Olaf"]
[Black "Behrendt, Clemens"]
[Result "1/2-1/2"]
[WhiteElo "2044"]
[BlackElo "2079"]
[Annotator "rg"]
[PlyCount "85"]
[EventDate "2012.??.??"]
[Source "FV Schach e.V."]
[SourceDate "2012.10.14"]
[WhiteTeam "BA Berlin Tempelhof II"]
[BlackTeam "W&W Wuestenrot&Württemb. Stuttg."]
[WhiteTeamCountry "GER"]
[BlackTeamCountry "GER"]

1. f4 Nf6 2. Nf3 g6 3. d3 d5 4. Nbd2 Bg7 5. e4 dxe4 6. dxe4 O-O 7. Bd3 Nc6 8.
O-O Nb4 9. Be2 Ng4 10. Nb3 Qxd1 11. Bxd1 b6 12. h3 Nh6 13. a3 Nc6 14. g4 Kh8
15. c3 Ba6 16. Re1 Rad8 17. Be2 Bxe2 18. Rxe2 Rd1+ 19. Kg2 Rfd8 20. Be3 Rxa1
21. Nxa1 Na5 22. Rd2 Rxd2+ 23. Nxd2 c5 24. Nab3 Nc6 25. Kf3 f6 26. a4 Nf7 27.
a5 Nd6 28. axb6 axb6 29. Na1 Kg8 30. Nc2 e5 31. f5 Kf7 32. Bf2 Bh6 33. Be3 Bf8
34. Bf2 Bh6 35. Be3 Bf8 36. Na3 Na5 37. b4 cxb4 38. cxb4 Nc6 39. fxg6+ hxg6 40.
Bxb6 Nxb4 41. Nac4 Ke6 42. Nxd6 Bxd6 43. Nc4 1/2-1/2

[Event "XII. DBMM Schach"]
[Site "Berlin"]
[Date "2012.10.12"]
[Round "3.2"]
[White "Uhlarz, Joerg"]
[Black "Sarre, Sascha"]
[Result "0-1"]
[WhiteElo "1780"]
[BlackElo "1839"]
[Annotator "rg"]
[PlyCount "86"]
[EventDate "2012.??.??"]
[Source "FV Schach e.V."]
[SourceDate "2012.10.14"]
[WhiteTeam "W&W Wuestenrot&Württemb. Stuttg."]
[BlackTeam "BA Berlin Tempelhof II"]
[WhiteTeamCountry "GER"]
[BlackTeamCountry "GER"]

1. d4 Nf6 2. c4 e5 3. d5 Bc5 4. e3 O-O 5. Nc3 a5 6. Nge2 d6 7. Ng3 Na6 8. Be2
Ne8 9. O-O f5 10. h3 Qh4 11. Kh2 Nf6 12. f3 g5 13. Nh1 g4 14. Bd2 gxh3 15. g3
Qh6 16. Qc1 e4 17. Nf2 exf3 18. Bxf3 Ng4+ 19. Nxg4 fxg4 20. e4 Qg6 21. Bh1 Bd7
22. Rf4 Rxf4 23. Bxf4 Rf8 24. Qd2 h5 25. Re1 Re8 26. a3 Qf6 27. Ne2 h4 28. Rf1
Rf8 29. gxh4 Qxh4 30. Ng3 Qf6 31. Be3 Bxe3 32. Rxf6 Bxd2 33. Nh5 Be8 34. Rxf8+
Kxf8 35. Nf6 Bf4+ 36. Kg1 g3 37. Bf3 Be3+ 38. Kf1 g2+ 39. Bxg2 hxg2+ 40. Kxg2
Bd4 41. Nh7+ Kg7 42. Ng5 Bxb2 43. c5 Nxc5 0-1

[Event "XII. DBMM Schach"]
[Site "Berlin"]
[Date "2012.10.12"]
[Round "3.3"]
[White "Kreuchauf, Olaf"]
[Black "Nitsch, Norbert"]
[Result "0-1"]
[WhiteElo "1630"]
[BlackElo "1708"]
[Annotator "rg"]
[PlyCount "94"]
[EventDate "2012.??.??"]
[Source "FV Schach e.V."]
[SourceDate "2012.10.14"]
[WhiteTeam "BA Berlin Tempelhof II"]
[BlackTeam "W&W Wuestenrot&Württemb. Stuttg."]
[WhiteTeamCountry "GER"]
[BlackTeamCountry "GER"]

1. d4 d5 2. c4 c6 3. Nf3 Nf6 4. e3 e6 5. b3 Nbd7 6. Bb2 Bb4+ 7. Nbd2 c5 8. a3
Bxd2+ 9. Nxd2 O-O 10. Be2 b6 11. cxd5 Nxd5 12. dxc5 Nxc5 13. b4 Nd7 14. O-O Bb7
15. Bf3 Rb8 16. Rc1 Rc8 17. Qe2 Rxc1 18. Rxc1 Qb8 19. g3 Rc8 20. Rxc8+ Qxc8 21.
Ne4 Qc7 22. Qd2 Ne5 23. Bxe5 Qxe5 24. Nc3 Qxc3 25. Qxc3 Nxc3 26. Bxb7 Kf8 27.
Kf1 Ke7 28. Ke1 Kd6 29. Bg2 Nb1 30. a4 Nc3 31. a5 Nd5 32. axb6 axb6 33. b5 Nc7
34. Be4 h6 35. Bh7 Nxb5 36. Bd3 Kc5 37. Kd2 Kb4 38. Kc2 Na3+ 39. Kb2 Nc4+ 40.
Kc2 b5 41. Be2 Nd6 42. Kb2 Ne4 43. f3 Nc3 44. Bd3 Nd1+ 45. Kb1 Nxe3 46. Bh7 f6
47. h3 Nf1 0-1

[Event "XII. DBMM Schach"]
[Site "Berlin"]
[Date "2012.10.12"]
[Round "3.4"]
[White "Peck, Malcolm"]
[Black "Fischer, Anke"]
[Result "0-1"]
[WhiteElo "1694"]
[BlackElo "1710"]
[Annotator "rg"]
[PlyCount "94"]
[EventDate "2012.??.??"]
[Source "FV Schach e.V."]
[SourceDate "2012.10.14"]
[WhiteTeam "W&W Wuestenrot&Württemb. Stuttg."]
[BlackTeam "BA Berlin Tempelhof II"]
[WhiteTeamCountry "GER"]
[BlackTeamCountry "GER"]

1. d4 d5 2. Nf3 e6 3. e3 Nf6 4. Nbd2 Nbd7 5. Bd3 Be7 6. O-O O-O 7. c3 b6 8. Qe2
c5 9. Rd1 Bb7 10. e4 dxe4 11. Nxe4 Qc7 12. Bg5 Rfd8 13. Bh4 Rac8 14. Nfg5 Nxe4
15. Nxe6 fxe6 16. Bxe7 Re8 17. Bh4 Nef6 18. Bg3 Qc6 19. f3 cxd4 20. cxd4 Qd5
21. Rac1 Rxc1 22. Rxc1 Qxd4+ 23. Kh1 Nc5 24. Bb5 Rd8 25. Bf2 Qd2 26. Qf1 Nd3
27. Bxd3 Qxd3 28. Qe1 Bd5 29. a3 Qb3 30. Bd4 Qd3 31. Rd1 Qf5 32. Qg3 Rc8 33.
Re1 Nh5 34. Qh4 Qf4 35. Qf2 Rc1 36. Be5 Qc4 37. Bc3 Rxe1+ 38. Qxe1 Nf4 39. h3
Qe2 40. Qg3 e5 41. Qg5 h6 42. Qg4 Qf1+ 43. Kh2 Ne2 44. Qc8+ Kh7 45. Qf5+ Kh8
46. h4 Qg1+ 47. Kh3 Nf4+ 0-1

[Event "XII. DBMM Schach"]
[Site "Berlin"]
[Date "2012.10.12"]
[Round "3.1"]
[White "Radjenovic, Branko"]
[Black "Hilbig, Olaf"]
[Result "0-1"]
[WhiteElo "1810"]
[BlackElo "2167"]
[Annotator "rg"]
[PlyCount "58"]
[EventDate "2012.??.??"]
[Source "FV Schach e.V."]
[SourceDate "2012.10.14"]
[WhiteTeam "Deutsche Telekom Berlin"]
[BlackTeam "Commerzbank Frankfurt AGI "]
[WhiteTeamCountry "GER"]
[BlackTeamCountry "GER"]

1. d4 Nf6 2. c4 d6 3. Nf3 g6 4. Nc3 Bg7 5. e4 O-O 6. Be2 Nc6 7. O-O e5 8. d5
Ne7 9. h3 Nd7 10. Ne1 f5 11. Nd3 f4 12. Bg4 Nf6 13. Bxc8 Rxc8 14. Qa4 a6 15. c5
g5 16. b4 Ng6 17. Rb1 g4 18. hxg4 Nxg4 19. f3 Ne3 20. Rf2 Qh4 21. Re2 Qg3 22.
Nd1 Nh4 23. Ne1 Nexg2 24. Nxg2 Nxf3+ 25. Kf1 Nh2+ 26. Kg1 Ng4 27. Rbb2 Qh2+ 28.
Kf1 f3 29. Nge3 Qh1# 0-1

[Event "XII. DBMM Schach"]
[Site "Berlin"]
[Date "2012.10.12"]
[Round "3.2"]
[White "Fischer, Alexander"]
[Black "Piotrowski, Roger"]
[Result "1-0"]
[WhiteElo "1958"]
[BlackElo "1741"]
[Annotator "rg"]
[PlyCount "59"]
[EventDate "2012.??.??"]
[Source "FV Schach e.V."]
[SourceDate "2012.10.14"]
[WhiteTeam "Commerzbank Frankfurt AGI "]
[BlackTeam "Deutsche Telekom Berlin"]
[WhiteTeamCountry "GER"]
[BlackTeamCountry "GER"]

1. d4 Nf6 2. c4 g6 3. Nc3 Bg7 4. e4 d6 5. h3 O-O 6. Bg5 c5 7. d5 h6 8. Be3 e6
9. Bd3 exd5 10. exd5 Re8 11. Qd2 Kh7 12. Nf3 Nbd7 13. O-O-O b5 14. Nxb5 Nb6 15.
Nc3 Ne4 16. Nxe4 Rxe4 17. Bxe4 Nxc4 18. Qe2 Bxb2+ 19. Kc2 Ba6 20. Bd3 Na3+ 21.
Kxb2 Rb8+ 22. Ka1 c4 23. Rc1 cxd3 24. Qd2 Nc2+ 25. Rxc2 dxc2 26. Rc1 Rc8 27.
Bd4 Qd7 28. Rxc2 Bc4 29. Bb2 Qb5 30. Qd4 1-0

[Event "XII. DBMM Schach"]
[Site "Berlin"]
[Date "2012.10.12"]
[Round "3.3"]
[White "Norris, Ray"]
[Black "Lutterbey, Ralf"]
[Result "0-1"]
[WhiteElo "1669"]
[BlackElo "1862"]
[Annotator "rg"]
[PlyCount "50"]
[EventDate "2012.??.??"]
[Source "FV Schach e.V."]
[SourceDate "2012.10.14"]
[WhiteTeam "Deutsche Telekom Berlin"]
[BlackTeam "Commerzbank Frankfurt AGI "]
[WhiteTeamCountry "GER"]
[BlackTeamCountry "GER"]

1. Nf3 d5 2. g3 c5 3. Bg2 Nc6 4. O-O e6 5. d3 Be7 6. Bd2 Nf6 7. c3 Bd7 8. Na3
a6 9. Nc2 b5 10. Re1 O-O 11. e4 dxe4 12. dxe4 e5 13. Ng5 h6 14. Nh3 Qc8 15. Nf4
exf4 16. Bxf4 Nh7 17. b4 cxb4 18. Nd4 bxc3 19. Nf5 Bxf5 20. exf5 Ra7 21. Qh5
Bf6 22. Rac1 Re8 23. Red1 Rd7 24. Bd6 Nd4 25. Bb4 Ne2+ 0-1

[Event "XII. DBMM Schach"]
[Site "Berlin"]
[Date "2012.10.12"]
[Round "3.1"]
[White "Bangert, Udo"]
[Black "Britze, Jan"]
[Result "0-1"]
[WhiteElo "1815"]
[BlackElo "1742"]
[Annotator "rg"]
[PlyCount "32"]
[EventDate "2012.??.??"]
[Source "FV Schach e.V."]
[SourceDate "2012.10.14"]
[WhiteTeam "SG Stern Stuttgart II"]
[BlackTeam "RBB Berlin"]
[WhiteTeamCountry "GER"]
[BlackTeamCountry "GER"]

1. d4 Nf6 2. c4 d5 3. Nc3 Bf5 4. e3 e6 5. Qb3 Nc6 6. cxd5 Nb4 7. Bb5+ c6 8.
dxc6 bxc6 9. Bxc6+ Nxc6 10. a3 Be7 11. Nge2 O-O 12. O-O Rc8 13. Rd1 Na5 14. Qa2
Bc2 15. Rd2 Bb3 16. Qb1 Bc4 0-1

[Event "XII. DBMM Schach"]
[Site "Berlin"]
[Date "2012.10.12"]
[Round "3.2"]
[White "Schastok, Erwin"]
[Black "Ordu, Armin"]
[Result "1/2-1/2"]
[WhiteElo "1667"]
[BlackElo "1801"]
[Annotator "rg"]
[PlyCount "51"]
[EventDate "2012.??.??"]
[Source "FV Schach e.V."]
[SourceDate "2012.10.14"]
[WhiteTeam "RBB Berlin"]
[BlackTeam "SG Stern Stuttgart II"]
[WhiteTeamCountry "GER"]
[BlackTeamCountry "GER"]

1. e4 e5 2. Nf3 Nc6 3. Bc4 Bc5 4. c3 d6 5. d4 exd4 6. cxd4 Bb4+ 7. Bd2 Bxd2+ 8.
Nbxd2 Na5 9. Qa4+ c6 10. Bd3 b5 11. Qc2 Ne7 12. b4 Nb7 13. a4 Bd7 14. a5 a6 15.
O-O h6 16. Rac1 O-O 17. Qb3 Rc8 18. Bb1 c5 19. e5 cxb4 20. exd6 Nxd6 21. Qxb4
Be6 22. Rc5 Nc4 23. Nb3 Nd5 24. Qe1 Re8 25. Qe4 Nf6 26. Qc2 1/2-1/2

[Event "XII. DBMM Schach"]
[Site "Berlin"]
[Date "2012.10.12"]
[Round "3.3"]
[White "Balija, Cerim"]
[Black "Kersten, Martin"]
[Result "0-1"]
[WhiteElo "1576"]
[BlackElo "1760"]
[Annotator "rg"]
[PlyCount "66"]
[EventDate "2012.??.??"]
[Source "FV Schach e.V."]
[SourceDate "2012.10.14"]
[WhiteTeam "SG Stern Stuttgart II"]
[BlackTeam "RBB Berlin"]
[WhiteTeamCountry "GER"]
[BlackTeamCountry "GER"]

1. e4 e5 2. c3 Nf6 3. d3 d5 4. exd5 Nxd5 5. Nf3 Nc6 6. Be2 h6 7. Nbd2 Bf5 8.
Nc4 Bd6 9. Nxd6+ Qxd6 10. Nh4 Bh7 11. O-O g5 12. Nf3 O-O-O 13. Nd2 Nf4 14. Nc4
Nxe2+ 15. Qxe2 Qxd3 16. Qh5 Qxc4 17. Qh3+ f5 18. Qxh6 Rdg8 19. Bd2 f4 20. b3
Qd5 21. Rfd1 Bg6 22. c4 Qd8 23. Qxh8 Rxh8 24. Bxf4 Qf6 25. Bg3 Nd4 26. Re1 e4
27. Rad1 Bh5 28. Rd2 Ne2+ 29. Kh1 e3 30. fxe3 Nxg3+ 31. hxg3 Qe5 32. Rf2 Qxg3
33. Ref1 Bf3+ 0-1

[Event "XII. DBMM Schach"]
[Site "Berlin"]
[Date "2012.10.12"]
[Round "3.1"]
[White "Gebert Vangeel, Ralf"]
[Black "Wirth, Volker"]
[Result "1-0"]
[WhiteElo "1971"]
[BlackElo "1762"]
[Annotator "rg"]
[PlyCount "69"]
[EventDate "2012.??.??"]
[Source "FV Schach e.V."]
[SourceDate "2012.10.14"]
[WhiteTeam "SV OSRAM Berlin II"]
[BlackTeam "Sparkassenvers. Stuttgart II"]
[WhiteTeamCountry "GER"]
[BlackTeamCountry "GER"]

1. e4 c5 2. Nc3 Nc6 3. f4 d6 4. Nf3 Nf6 5. Bc4 a6 6. a4 e6 7. O-O d5 8. exd5
exd5 9. Ba2 Be7 10. d3 O-O 11. Ne5 g6 12. h3 h5 13. Ne2 Be6 14. c3 Qc7 15. Nf3
Rad8 16. Ng5 Bf5 17. Ng3 Qc8 18. Bb1 d4 19. Qf3 Rfe8 20. Ba2 Rf8 21. N3e4 Kg7
22. Bd2 Qd7 23. Rad1 Nd5 24. Ng3 Nf6 25. Rfe1 Bd6 26. N5e4 Be7 27. Kh1 Rde8 28.
Ng5 b6 29. Nxf5+ gxf5 30. Re2 b5 31. Rde1 Nd8 32. axb5 axb5 33. cxd4 cxd4 34.
Ba5 Nc6 35. Qg3 1-0

[Event "XII. DBMM Schach"]
[Site "Berlin"]
[Date "2012.10.12"]
[Round "3.2"]
[White "Brethauer, Tim"]
[Black "Eisermann, Daniel"]
[Result "0-1"]
[WhiteElo "1619"]
[BlackElo "1924"]
[Annotator "rg"]
[PlyCount "76"]
[EventDate "2012.??.??"]
[Source "FV Schach e.V."]
[SourceDate "2012.10.14"]
[WhiteTeam "Sparkassenvers. Stuttgart II"]
[BlackTeam "SV OSRAM Berlin II"]
[WhiteTeamCountry "GER"]
[BlackTeamCountry "GER"]

1. e4 c5 2. Nf3 e6 3. d4 cxd4 4. Nxd4 a6 5. Nc3 Qc7 6. Be3 Bb4 7. Qd2 Nf6 8.
Bd3 d5 9. f3 e5 10. Nb3 d4 11. Nxd4 Bxc3 12. bxc3 exd4 13. cxd4 O-O 14. O-O
Nbd7 15. Bf4 Qd8 16. c4 Re8 17. c5 Nf8 18. e5 Qxd4+ 19. Kh1 Ne6 20. exf6 Qxf4
21. Qc2 Qxf6 22. Bxh7+ Kh8 23. Be4 Ng5 24. Rae1 Nxe4 25. fxe4 Qe7 26. Rf2 Be6
27. Rd2 Red8 28. Red1 Rxd2 29. Rxd2 Rc8 30. Qd1 Qxc5 31. h3 Kg8 32. Qb1 Qc1+
33. Qxc1 Rxc1+ 34. Kh2 Ra1 35. Rb2 b5 36. Rd2 Rxa2 37. Rd8+ Kh7 38. Rb8 Bc4 0-1

[Event "XII. DBMM Schach"]
[Site "Berlin"]
[Date "2012.10.12"]
[Round "3.4"]
[White "Fenn Ries, Ruediger"]
[Black "Schlittermann, Wolfgang"]
[Result "1-0"]
[WhiteElo "1263"]
[BlackElo "1756"]
[Annotator "rg"]
[PlyCount "49"]
[EventDate "2012.??.??"]
[Source "FV Schach e.V."]
[SourceDate "2012.10.14"]
[WhiteTeam "Sparkassenvers. Stuttgart II"]
[BlackTeam "SV OSRAM Berlin II"]
[WhiteTeamCountry "GER"]
[BlackTeamCountry "GER"]

1. Nf3 d5 2. d4 e6 3. g3 g6 4. Bg2 Bg7 5. O-O Ne7 6. Bg5 O-O 7. Nc3 a6 8. e4
dxe4 9. Nxe4 f6 10. Be3 b6 11. Qd2 Nf5 12. Nh4 Nxh4 13. gxh4 Ra7 14. Bh6 Bxh6
15. Qxh6 Qxd4 16. Rad1 Qxb2 17. h5 gxh5 18. Rd3 f5 19. Rg3+ Kf7 20. Qxh5+ Ke7
21. Qxh7+ Rf7 22. Qh4+ Ke8 23. Rg8+ Rf8 24. Nf6+ Kf7 25. Qh7+ 1-0

[Event "XII. DBMM Schach"]
[Site "Berlin"]
[Date "2012.10.12"]
[Round "3.1"]
[White "Lehmann, Michael"]
[Black "Gall, Mike"]
[Result "1-0"]
[WhiteElo "1663"]
[BlackElo "1478"]
[Annotator "rg"]
[PlyCount "111"]
[EventDate "2012.??.??"]
[Source "FV Schach e.V."]
[SourceDate "2012.10.14"]
[WhiteTeam "BA Berlin Tempelhof III"]
[BlackTeam "TT/WiHeil Berlin"]
[WhiteTeamCountry "GER"]
[BlackTeamCountry "GER"]

1. c4 e6 2. Nc3 f5 3. Nf3 Nf6 4. d3 c6 5. g3 d5 6. cxd5 cxd5 7. Bg2 Bd6 8. O-O
O-O 9. Nb5 a6 10. Nxd6 Qxd6 11. Bf4 Qb6 12. b3 Nc6 13. Qd2 Bd7 14. Rac1 Rfc8
15. h3 Qb4 16. Qb2 Qe7 17. Rfe1 Nb4 18. a3 Rxc1 19. Rxc1 Nc6 20. Ne5 Nxe5 21.
Bxe5 Bc6 22. Re1 Nd7 23. b4 Nxe5 24. Qxe5 Qf6 25. f4 Qxe5 26. fxe5 Rc8 27. Rc1
Bd7 28. Rxc8+ Bxc8 29. Kf2 Kf7 30. Ke3 b6 31. a4 Ke7 32. a5 bxa5 33. bxa5 Kd7
34. Kd4 Kc6 35. e4 fxe4 36. dxe4 dxe4 37. Bxe4+ Kb5 38. Bxh7 Kxa5 39. Kc5 Bb7
40. Bc2 Bd5 41. h4 Bf3 42. Bb3 Bg4 43. Kd6 Kb4 44. Bxe6 Bxe6 45. Kxe6 a5 46.
Kf7 a4 47. e6 a3 48. e7 a2 49. e8=Q a1=Q 50. Qe7+ Kc4 51. Qe6+ Kc5 52. Qf5+ Kb4
53. Qg4+ Kc5 54. Qxg7 Qa7+ 55. Kg6 Qa6+ 56. Qf6 1-0

[Event "XII. DBMM Schach"]
[Site "Berlin"]
[Date "2012.10.12"]
[Round "3.2"]
[White "Kaczmarek, Andreas"]
[Black "Koerting, Klaus"]
[Result "1/2-1/2"]
[WhiteElo "1544"]
[BlackElo "1643"]
[Annotator "rg"]
[PlyCount "44"]
[EventDate "2012.??.??"]
[Source "FV Schach e.V."]
[SourceDate "2012.10.14"]
[WhiteTeam "TT/WiHeil Berlin"]
[BlackTeam "BA Berlin Tempelhof III"]
[WhiteTeamCountry "GER"]
[BlackTeamCountry "GER"]

1. d4 f5 2. Bf4 Nf6 3. Nf3 e6 4. c3 Be7 5. Nbd2 O-O 6. Qc2 b6 7. e4 fxe4 8.
Nxe4 Ba6 9. Bxa6 Nxa6 10. Be3 Nb8 11. Rd1 Nc6 12. Nxf6+ Bxf6 13. d5 exd5 14.
Rxd5 Ne7 15. Rh5 g6 16. Rh3 Nf5 17. O-O Qe7 18. Qd2 Rf7 19. Bg5 Re8 20. Bxf6
Qxf6 21. Ng5 Rfe7 22. Rf3 Qe5 1/2-1/2

[Event "XII. DBMM Schach"]
[Site "Berlin"]
[Date "2012.10.12"]
[Round "3.3"]
[White "Wolf, Wilfried"]
[Black "Schulz, Manfred"]
[Result "1/2-1/2"]
[WhiteElo "1563"]
[BlackElo "1526"]
[Annotator "rg"]
[PlyCount "54"]
[EventDate "2012.??.??"]
[Source "FV Schach e.V."]
[SourceDate "2012.10.14"]
[WhiteTeam "BA Berlin Tempelhof III"]
[BlackTeam "TT/WiHeil Berlin"]
[WhiteTeamCountry "GER"]
[BlackTeamCountry "GER"]

1. e4 c5 2. Nf3 e6 3. d4 cxd4 4. Nxd4 Nf6 5. f3 a6 6. c3 Be7 7. Bc4 O-O 8. O-O
d5 9. exd5 Nxd5 10. Bxd5 Qxd5 11. Be3 Rd8 12. Qe2 Bd7 13. Qf2 Qh5 14. Nd2 Nc6
15. Nxc6 Bxc6 16. Nb3 Bd6 17. g3 Bc7 18. Nd4 Bd5 19. b3 b5 20. Ne2 e5 21. Rad1
Bb7 22. g4 Qg6 23. Ng3 Rxd1 24. Rxd1 Rd8 25. Rxd8+ Bxd8 26. Kg2 Qc6 27. Ne4 Be7
1/2-1/2

[Event "XII. DBMM Schach"]
[Site "Berlin"]
[Date "2012.10.12"]
[Round "3.2"]
[White "Jacobsen, Ruediger"]
[Black "Sagol, Buelent Erol"]
[Result "1/2-1/2"]
[WhiteElo "1541"]
[BlackElo "1541"]
[Annotator "rg"]
[PlyCount "94"]
[EventDate "2012.??.??"]
[Source "FV Schach e.V."]
[SourceDate "2012.10.14"]
[WhiteTeam "EADS Airbus Bremen"]
[BlackTeam "Team DBMM Berlin"]
[WhiteTeamCountry "GER"]
[BlackTeamCountry "GER"]

1. e4 e5 2. Nc3 Bc5 3. Bc4 Nf6 4. Nf3 d6 5. h3 Nc6 6. a3 Bd7 7. d3 h6 8. Na4
Bb6 9. Nxb6 axb6 10. Be3 Na5 11. Ba2 c5 12. O-O O-O 13. b4 Nc6 14. b5 Ne7 15.
Qb1 Ra7 16. Qb2 Qc7 17. a4 Rfa8 18. Bb3 Qc8 19. Kh2 Be6 20. c4 Ng6 21. Qd2 Kh7
22. Ng1 Ng8 23. f4 exf4 24. Bxf4 Qd7 25. Bc2 Rf8 26. Bg3 Raa8 27. Nf3 Rad8 28.
a5 bxa5 29. Rxa5 b6 30. Ra6 Ra8 31. Rxb6 Ra2 32. Rxd6 Qa7 33. Rb1 Ra8 34. b6
Qb7 35. Qc3 N8e7 36. d4 Nc8 37. Rxe6 fxe6 38. dxc5 Nce7 39. Nd4 e5 40. Nf5 Nc6
41. Nd6 Qe7 42. b7 Rb8 43. Rb2 Ra7 44. Nc8 Qxc5 45. Nxa7 Qxa7 46. Bd3 Rxb7 47.
Rxb7 Qxb7 1/2-1/2

[Event "XII. DBMM Schach"]
[Site "Berlin"]
[Date "2012.10.12"]
[Round "3.3"]
[White "Kretzschmar, Jan"]
[Black "Feldmann, Alfred"]
[Result "1/2-1/2"]
[WhiteElo "1664"]
[BlackElo "1435"]
[Annotator "rg"]
[PlyCount "80"]
[EventDate "2012.??.??"]
[Source "FV Schach e.V."]
[SourceDate "2012.10.14"]
[WhiteTeam "Team DBMM Berlin"]
[BlackTeam "EADS Airbus Bremen"]
[WhiteTeamCountry "GER"]
[BlackTeamCountry "GER"]

1. d4 d5 2. Nf3 Nf6 3. c4 c6 4. e3 e6 5. Nc3 Be7 6. b3 b6 7. Be2 Bb7 8. cxd5
cxd5 9. O-O O-O 10. Nd2 Nbd7 11. Bb2 Rc8 12. f3 Bb4 13. Rc1 Qe7 14. Ncb1 a6 15.
a3 Bd6 16. Bd3 Rc7 17. Rxc7 Bxc7 18. Qe2 b5 19. Bc3 Bd6 20. Bb2 Rc8 21. Re1 Bb8
22. Qf2 Qd6 23. Nf1 e5 24. dxe5 Nxe5 25. Bf5 Re8 26. f4 Ned7 27. Qg3 Nh5 28.
Qh3 Ndf6 29. Qh4 Ba7 30. Be5 Qe7 31. g4 d4 32. gxh5 dxe3 33. Nxe3 Bxe3+ 34.
Rxe3 Qc5 35. Qf2 Qd5 36. Kf1 Qd1+ 37. Re1 Qxh5 38. Bxf6 Rxe1+ 39. Qxe1 Qf3+ 40.
Qf2 Qd1+ 1/2-1/2

[Event "XII. DBMM Schach"]
[Site "Berlin"]
[Date "2012.10.12"]
[Round "3.4"]
[White "Dallmann, Karl"]
[Black "Hankow, Bert Juergen"]
[Result "1/2-1/2"]
[WhiteElo "1400"]
[BlackElo "1856"]
[Annotator "rg"]
[PlyCount "56"]
[EventDate "2012.??.??"]
[Source "FV Schach e.V."]
[SourceDate "2012.10.14"]
[WhiteTeam "EADS Airbus Bremen"]
[BlackTeam "Team DBMM Berlin"]
[WhiteTeamCountry "GER"]
[BlackTeamCountry "GER"]

1. e4 e6 2. Nc3 d5 3. exd5 exd5 4. Nf3 Nf6 5. d4 Bg4 6. h3 Bh5 7. a3 c6 8. Be2
Nbd7 9. O-O Be7 10. Re1 O-O 11. Bg5 Re8 12. Bd3 Nf8 13. g4 Bg6 14. Ne5 Ne6 15.
Bh4 Nf4 16. Bxg6 Nxg6 17. Bg5 Qd6 18. Qf3 h6 19. Nxg6 fxg6 20. Bf4 Qd7 21. Re2
g5 22. Bg3 Bd6 23. Rae1 Bxg3 24. Qxg3 Rxe2 25. Rxe2 Re8 26. Re5 Rxe5 27. Qxe5
Kf7 28. Kg2 Qe7 1/2-1/2

[Event "XII. DBMM Schach"]
[Site "Berlin"]
[Date "2012.10.12"]
[Round "3.1"]
[White "Gueldenpfennig, Gavin"]
[Black "Weidl, Robert"]
[Result "0-1"]
[WhiteElo "1306"]
[BlackElo "1754"]
[Annotator "rg"]
[PlyCount "56"]
[EventDate "2012.??.??"]
[Source "FV Schach e.V."]
[SourceDate "2012.10.14"]
[WhiteTeam "SV Senat Berlin IV"]
[BlackTeam "ADAC Muenchen II"]
[WhiteTeamCountry "GER"]
[BlackTeamCountry "GER"]

1. e4 c5 2. c3 Nc6 3. d4 cxd4 4. cxd4 e6 5. a3 Nf6 6. Nc3 Be7 7. Bc4 d6 8. d5
Ne5 9. Ba2 O-O 10. Nge2 Ng6 11. dxe6 fxe6 12. Nd4 d5 13. exd5 exd5 14. O-O Ne5
15. Re1 Nc4 16. Ne6 Bxe6 17. Rxe6 Qd7 18. Qe2 Bc5 19. Bxc4 dxc4 20. Qxc4 Bxf2+
21. Kxf2 Rac8 22. Qb3 Ng4+ 23. Ke1 Qf7 24. Kd1 Rce8 25. Kc2 Rxe6 26. Bd2 Qg6+
27. Kc1 Rf1+ 28. Nd1 Nf2 0-1

[Event "XII. DBMM Schach"]
[Site "Berlin"]
[Date "2012.10.12"]
[Round "3.2"]
[White "Obermeier, Karlheinz"]
[Black "Weihrich, Joerg"]
[Result "1-0"]
[WhiteElo "1575"]
[BlackElo "1552"]
[Annotator "rg"]
[PlyCount "39"]
[EventDate "2012.??.??"]
[Source "FV Schach e.V."]
[SourceDate "2012.10.14"]
[WhiteTeam "ADAC Muenchen II"]
[BlackTeam "SV Senat Berlin IV"]
[WhiteTeamCountry "GER"]
[BlackTeamCountry "GER"]

1. e4 c5 2. Nf3 d6 3. d4 cxd4 4. Nxd4 g6 5. Bb5+ Bd7 6. Qe2 Bg7 7. c3 a6 8. Bc4
Nc6 9. Be3 Ne5 10. Bb3 Nf6 11. Nd2 O-O 12. h3 Nc6 13. O-O Nxd4 14. Bxd4 Bc6 15.
Rad1 e5 16. Be3 Nxe4 17. Nc4 d5 18. Nb6 d4 19. Nxa8 dxe3 20. Rxd8 1-0

[Event "XII. DBMM Schach"]
[Site "Berlin"]
[Date "2012.10.12"]
[Round "3.3"]
[White "Tschirschwitz, Stephan"]
[Black "Lajh, Anton"]
[Result "1/2-1/2"]
[WhiteElo "1412"]
[BlackElo "1507"]
[Annotator "rg"]
[PlyCount "77"]
[EventDate "2012.??.??"]
[Source "FV Schach e.V."]
[SourceDate "2012.10.14"]
[WhiteTeam "SV Senat Berlin IV"]
[BlackTeam "ADAC Muenchen II"]
[WhiteTeamCountry "GER"]
[BlackTeamCountry "GER"]

1. Nf3 Nc6 2. d4 d5 3. Bf4 Bf5 4. a3 h6 5. e3 a6 6. c4 e6 7. Nc3 Nf6 8. h3 Bd6
9. cxd5 exd5 10. Bxd6 Qxd6 11. Be2 O-O 12. O-O Ne4 13. Nxe4 Bxe4 14. Nd2 Bf5
15. Nb3 Ne7 16. Bd3 c6 17. Bxf5 Nxf5 18. Qg4 Qg6 19. Nc5 Qxg4 20. hxg4 Nd6 21.
b3 f5 22. gxf5 Rxf5 23. f3 Raf8 24. Nd3 Re8 25. Ne5 Rff8 26. Rac1 Kh7 27. Kf2
Re7 28. g4 Ne4+ 29. Kg2 Nd2 30. Rf2 Nxb3 31. Rc3 Na5 32. Rb2 Rfe8 33. Rc5 Nc4
34. Nxc4 dxc4 35. e4 b5 36. Rxc6 Re6 37. Rxe6 Rxe6 38. d5 Rd6 39. a4 1/2-1/2